Loading...
| Science - Chemistry | 0 | 13 | 1 | 1 | 125 | 67 | 97.69 | 0 | 1 | 0.00 | 0.00 |
| Science - Biology | 0 | 9 | 1 | 0 | 85 | 80 | 99.56 | 0 | 1 | 0.00 | 0.00 |
| Science - Physics | 0 | 7 | 3 | 1 | 55 | 94 | 112.57 | 0 | 0 | 0.00 | 0.00 |
| Painting & Sculpture | 0 | 3 | 0 | 0 | 30 | 125 | 127.00 | 0 | 0 | 0.00 | 0.00 |
| Science - Other | 0 | 3 | 1 | 0 | 25 | 83 | 108.00 | 0 | 0 | 0.00 | 0.00 |
| Philosophy | 0 | 2 | 0 | 1 | 20 | 123 | 127.50 | 0 | 0 | 0.00 | 0.00 |
| Religion | 0 | 1 | 0 | 0 | 10 | 122 | 122.00 | 0 | 0 | 0.00 | 0.00 |
| History - World | 0 | 1 | 0 | 0 | 10 | 133 | 133.00 | 0 | 0 | 0.00 | 0.00 |
| Fine Arts - Other | 0 | 1 | 1 | 1 | 5 | 136 | 136.00 | 0 | 0 | 0.00 | 0.00 |
| Literature - World | 0 | 0 | 1 | 0 | -5 | 0.00 | 0 | 0 | 0.00 | 0.00 |